01586nam a2200349Ia 4500001001200000003000800012006001900020007001500039008004100054010001700095020001800112020001500130040002100145035002100166050002600187100002500213245014800238260006000386300002400446504006600470533015200536650008500688650007900773650005200852650005900904651006000963655002901023700002601052710001701078856012601095999001501221ebr10280049CaPaEBRm u cr cn|||||||||081120s2009 kyua sb 001 0 eng d z 2008049846 z9780813125466 z0813125464 aCaPaEBRcCaPaEBR a(OCoLC)64680150114aTD195.C58bH68 2009eb1 aHouse, Silas,d1971-10aSomething's risingh[electronic resource] :bAppalachians fighting mountaintop removal /cSilas House and Jason Howard ; foreword by Lee Smith. aLexington, Ky. :bUniversity Press of Kentucky,cc2009. axiv, 306 p. :bill. aIncludes bibliographical references (p. [287]-290) and index. aElectronic reproduction.bPalo Alto, Calif. :cebrary,d2009.nAvailable via World Wide Web.nAccess may be limited to ebrary affiliated libraries. 0aMountaintop removal miningxEnvironmental aspectszAppalachian Region, Southern. 0aLandscape protectionzAppalachian Region, SouthernxCitizen participation. 0aEnvironmentalismzAppalachian Region, Southern. 0aCelebritieszAppalachian Region, SouthernvInterviews. 0aAppalachian Region, SouthernxEnvironmental conditions. 7aElectronic books.2local1 aHoward, Jason,d1981-2 aebrary, Inc.40uhttp://site.ebrary.com/lib/rucke/Doc?id=10280049zAn electronic book accessible through the World Wide Web; click to view c4031d4031